All 25k+ cities in Michigan with a map - Statistics

General Stats
  • This quiz has been taken 65 times
  • The average score is 26 of 52
Answers on the Map
Answers color-coded by a green-red scale on the quiz's map according to % correct below.
 
Answer Stats
City Population % Correct
Detroit 639,475
97%
Grand Rapids 198,890
94%
Ann Arbor 123,875
91%
Lansing 112,661
91%
Dearborn 109,961
88%
Flint 81,269
82%
Sterling Heights 134,338
82%
Kalamazoo 73,573
79%
Saginaw 44,208
76%
Warren 139,397
74%
Battle Creek 52,708
71%
Troy 87,297
71%
Bay City 32,659
68%
East Lansing 47,748
65%
Livonia 95,529
65%
Pontiac 61,603
65%
Dearborn Heights 63,291
62%
Wyoming 76,510
62%
Novi 66,239
59%
Rochester Hills 76,308
59%
Farmington Hills 83,999
56%
Muskegon 37,229
56%
Westland 85,407
56%
Holland 34,374
53%
Midland 42,535
53%
Port Huron 28,975
53%
St. Clair Shores 58,875
53%
Jackson 31,317
50%
Royal Oak 58,200
50%
Southfield 76,607
50%
Taylor 63,390
47%
Kentwood 54,309
44%
Portage 48,902
38%
Roseville 47,718
35%
Hamtramck 28,433
32%
Eastpointe 34,322
26%
Norton Shores 25,033
26%
Inkster 26,078
24%
Lincoln Park 40,246
24%
Southgate 30,017
24%
Wyandotte 25,044
24%
Madison Heights 28,462
21%
Oak Park 29,573
21%
Romulus 25,171
21%
Walker 25,136
21%
Allen Park 28,650
18%
Burton 29,708
18%
Allendale 27,073
15%
Holt 25,625
15%
Forest Hills 28,573
12%
Okemos 25,121
12%
Garden City 27,389
6%
No matching quizzes found
Score Distribution
Percent of People with Each Score
Percentile by Number Answered
Your Score History
You have not taken this quiz